[Event "Madrid-ch Previa B"]
[Site "Madrid"]
[Date "2023.02.10"]
[Round "4.19"]
[White "Torres Rebolledo, Marcos"]
[Black "Fernandez Garay, Guillermo"]
[Result "1-0"]
[WhiteElo "1575"]
[BlackElo "1350"]
[PlyCount "55"]
[EventDate "2023.02.02"]
[EventType "swiss"]
[EventRounds "9"]
[EventCountry "ESP"]
[SourceTitle "EXT 2024"]
[Source "ChessBase"]
[SourceDate "2023.10.10"]
[SourceVersion "1"]
[SourceVersionDate "2023.10.10"]
[SourceQuality "1"]

1. d4 Nf6 2. c4 e6 3. Nc3 d5 4. cxd5 exd5 5. Bg5 c6 6. e3 Bf5 7. Qf3 Bg6 8. Bxf6 gxf6 9. Nge2 Nd7 10. Ng3 Qb6 11. Qe2 Bg7 12. f4 f5 13. Qc2 0-0-0 14. Nxd5 Qa5+ 15. Nc3 Rhe8 16. Kf2 Nf6 17. h3 Nh5 18. Nxh5 Bxh5 19. Bd3 Qc7 20. Bxf5+ Kb8 21. g3 c5 22. dxc5 Qxc5 23. Rhe1 Rxe3 24. Rxe3 Bd4 25. Rae1 Bxe3+ 26. Rxe3 Re8 27. Qd3 Rxe3 28. Qd8+ 1-0